LEADER 01090nam0 22002771i 450 001 UON00395907 005 20231205104635.5 100 $a20110715d1967 |0itac50 ba 101 $arum 102 $aRO 105 $a|||| 1|||| 200 1 $aSimion Barnutiu$eOpera si gindirea$fRadu Pantazi 210 $aBucuresti$cEditura Stiintifica$d1967 215 $a269 p. ;m 20 cm. 316 $aex-inventario: Romeno 341$5IT-UONSI FONDOONCIULESCUB/0702 606 $aLetteratura romena$3UONC046845$2FI 620 $aRO$dBucure?ti$3UONL000071 676 $a859$cLetteratura romena e letterature ladine$v21 700 1$aPANTAZI$bRadu$3UONV202966$0705804 712 $aEditura ?tiin?ifica ?i Enciclopedic?$3UONV252341$4650 801 $aIT$bSOL$c20251010$gRICA 899 $aSIBA - SISTEMA BIBLIOTECARIO DI ATENEO$2UONSI 912 $aUON00395907 950 $aSIBA - SISTEMA BIBLIOTECARIO DI ATENEO$dSI ONCIULESCU B 0702 $eSI EO 47021 5 0702 ex-inventario: Romeno 341 996 $aSimion Barnutiu$91352225 997 $aUNIOR